000 00673nam a2200217 a 4500
999 _c3138
_d3138
001 3138
003 BD-JhCC
005 20171111131730.0
008 171111s1967 bg |||| ||a| 000 0 ben d
035 _a(BD-JhCC)3138
040 _aBD-JhCC
_dBD-JhCC
041 _aben
082 _a891.4409
_bBHO 1967
100 _aভৌমিক, গৌরাঙ্গ
245 _aরবীন্দ্র সাহিত্যের আলোচনা /
_cগৌরাঙ্গ ভৌমিক
260 _aকলকাতা :
_bঅ্যাকাডেমিকা,
_c1967.
300 _a192 p. :
_c22 cm.
650 _aBengali Literature
942 _2ddc
_cBK